Ian McGlinn v Waltham Contractors Ltd and Huw Thomas Associates and DJ Hartigan and Associates Ltd and Wilson Large and Partners (No 3) (Record no. 79141)
[ view plain ]
| 000 -LEADER | |
|---|---|
| fixed length control field | 01980cad a22002055a 4500 |
| 001 - CONTROL NUMBER | |
| control field | L139945 |
| 008 - FIXED-LENGTH DATA ELEMENTS--GENERAL INFORMATION | |
| fixed length control field | 070822e20070221xxk f v 000 0 eng d |
| 035 ## - SYSTEM CONTROL NUMBER | |
| System control number | (Sirsi) u139945 |
| 041 0# - LANGUAGE CODE | |
| Language code of text/sound track or separate title | eng |
| 245 00 - TITLE STATEMENT | |
| Title | Ian McGlinn v Waltham Contractors Ltd and Huw Thomas Associates and DJ Hartigan and Associates Ltd and Wilson Large and Partners (No 3) |
| Medium | [electronic resource] |
| 260 ## - PUBLICATION, DISTRIBUTION, ETC. | |
| Date of publication, distribution, etc. | 2007 |
| 520 ## - SUMMARY, ETC. | |
| Summary, etc. | [2007] EWHC 149 (TCC), 21 February 2007. Claimant (M) brought proceedings for damages for breach of contract and/or negligence against the defendant building contractors (Watham), the architects (H), the engineers (D) and the quantity surveyors and so called project managers (WL). Following the completion of M's private residence, M had decided that the house was so badly designed and so badly built that he was entitled to demolish it and start again. M claimed he was entitled to damages by way of the actual cost of demolition and the estimated cost of rebuilding. M also submitted the defendants had carried out inadequate inspections. The defendants argued that M's decision to demolish the property was unreasonable and that damages should be based on the cost of the work necessary to repair the individual defects for which each defendant was liable. "Held": M was only entitled to damages for the cost of repair, rather than the costs of demolition and rebuilding, because the defects were aesthetic rather than structural and M had not acted reasonably in demolishing the building. See full judgment for decisions against each defendant. |
| 590 ## - LOCAL NOTE (RLIN) | |
| Local note | KA |
| 650 24 - SUBJECT ADDED ENTRY--TOPICAL TERM | |
| Topical term or geographic name entry element | MCGLINN V WALTHAM CONTRACTORS LTD AND OTHERS |
| 651 #4 - SUBJECT ADDED ENTRY--GEOGRAPHIC NAME | |
| Geographic name | England and Wales |
| Chronological subdivision | 1543- |
| 690 ## - LOCAL SUBJECT ADDED ENTRY--TOPICAL TERM (OCLC, RLIN) | |
| Topical term or geographic name as entry element | BUILT ENVIRONMENT-CONSTRUCTION MANAGEMENT-BUILDING CONTRACT ADMINISTRATION |
| 690 ## - LOCAL SUBJECT ADDED ENTRY--TOPICAL TERM (OCLC, RLIN) | |
| Topical term or geographic name as entry element | MANAGEMENT-BUSINESS MANAGEMENT-PROFESSIONAL PRACTICE-NEGLIGENCE |
| 856 40 - ELECTRONIC LOCATION AND ACCESS | |
| Uniform Resource Identifier | <a href="https://www.bailii.org/ew/cases/EWHC/TCC/2007/149.html">https://www.bailii.org/ew/cases/EWHC/TCC/2007/149.html</a> |
| Public note | View the judgment free of charge at www.bailii.org... |
| 942 ## - ADDED ENTRY ELEMENTS (KOHA) | |
| Suppress in OPAC | 0 |
| Withdrawn status | Lost status | Source of classification or shelving scheme | Damaged status | Not for loan | Home library | Current library | Shelving location | Date acquired | Total Checkouts | Full call number | Barcode | Date last seen | Copy number | Price effective from | Koha item type |
|---|---|---|---|---|---|---|---|---|---|---|---|---|---|---|---|
| Dewey Decimal Classification | Virtual | Virtual | Online | 22/08/2007 | ONLINE PUBLICATION | 139945-2001 | 06/08/2019 | 1 | 06/08/2019 | Law report |